000 00443nam a2200169Ia 4500
008 090711s9999 xx 000 0 und d
082 _b74032
100 _aबापट मुकुंद
245 _aमित्रा
260 _c1994
300 _a186
600 _aबापट मुकुंद
630 _aमित्रा
700 _aबापट मुकुंद
730 _aमित्रा
942 _cBOOK
999 _c304621
_d304621